000 00947nam a2200205 i 4500
001 151830
003 ES-MaACL
005 20250829111924.0
008 931025s1876 sp |||| | spa d
100 1 _aBeltrán y Rózpide, Ricardo.
_927381
245 1 0 _aViajes y descubrimientos efectuados en la Edad Media en su relación con los progresos de la geografía y de la historia /
_cpor Ricardo Beltrán y Rózpide.
260 _aMadrid :
_b[s.n.],
_c1876 (
_fImp. a cargo de Víctor Saiz)
300 _a141 p. ;
_c19 cm.
530 _aDisponible en formato digital.
650 4 _aViajes-
_yS.V-XV.
_9138302
650 0 4 _aDescubrimientos geográficos-
_vHistoria
_911830
852 _aES-MaACL
_jT-284-F-1
_z- Enc. hol., falto de cub. original
_z- Enc. en un vol. facticio
_z- Dedicatoria autógrafa del autor
856 _uhttp://bdh-rd.bne.es/viewer.vm?id=0000001179&page=1
_zBiblioteca Digital Hispánica
999 _c151830
_d151830